• 首页
  • 本馆介绍
  • 公告通知
  • 最新文献
  • 馆藏检索
  • 电子资源
  • 读者导购
  • 参考咨询
  • 我的图书馆
  • 登录
  • 详细信息显示
  • 放入我的书架
  • 预约/预借图书
  • 作者相关作品
  • 分类相关作品
  • 丛书相关作品
  • 出版社相关作品

书目信息

  • 表格格式
  • 工作单格式
  • 卡片格式
题名:
立足传统 勇于突破
    
 
作者: 徐驰 著
分册:  
出版信息: 北京   中国纺织出版社  2019
页数: 202页
开本: 24cm
丛书名:
单 册:
中图分类: J711.2 , J7
科图分类:
主题词: 舞蹈编导--研究 , 舞蹈
电子资源:
ISBN: 978-7-5180-6952-1
000 00852nam0 2200241 450
001 2330041697
005 20231103082108.39
010    @a978-7-5180-6952-1@dCNY68.00
100    @a20200921d2019 em y0chiy50 ea
101 0  @achi
102    @aCN@b110000
105    @aa z 000yy
200 1  @a立足传统 勇于突破@9li zu chuan tong yong yu tu po@e舞蹈编导技法与创新@f徐驰著
210    @a北京@c中国纺织出版社@d2019
215    @a202页@c图@d24cm
330    @a本书围绕舞蹈编导理论展开,先对舞蹈编导的规律和舞蹈语言的组织、处理等问题进行分析,然后从舞蹈作品的内容和形式、舞蹈作品的内容美和形式美、舞蹈作品 的意境等方面论述舞蹈编导的实践与创新。
606 0  @a舞蹈编导@x研究
606 0  @a舞蹈
690    @aJ711.2@v5
690    @aJ7@v4
701  0 @a徐驰@9xu chi@c(舞蹈)@4著
801  0 @aCN@b大连网信软件有限公司图书馆·11@c20231103
905    @aBZT@dJ7@e12
    
    立足传统 勇于突破:舞蹈编导技法与创新/徐驰著.-北京:中国纺织出版社,2019
    202页:图;24cm
    
    
    ISBN 978-7-5180-6952-1:CNY68.00
    本书围绕舞蹈编导理论展开,先对舞蹈编导的规律和舞蹈语言的组织、处理等问题进行分析,然后从舞蹈作品的内容和形式、舞蹈作品的内容美和形式美、舞蹈作品 的意境等方面论述舞蹈编导的实践与创新。
●
相关链接 在五车中查询图书 在当当中查询图书 在豆瓣中查询图书


正题名:立足传统 勇于突破     索取号:J7/12         预约/预借

序号 登录号 条形码 馆藏地/架位号 状态 备注
1 2000978999   2000978999   第四书库/四35架A面2层3列/ [索取号:J7/12] 在馆    
2 2000979000   2000979000   第四书库/四35架A面2层3列/ [索取号:J7/12] 在馆    
3 2000979001   2000979001   第四书库/四35架A面2层3列/ [索取号:J7/12] 在馆    
4 2000979002   2000979002   第四书库/四35架A面2层3列/ [索取号:J7/12] 在馆    
5 2000979003   2000979003   第四书库/四35架A面2层3列/ [索取号:J7/12] 在馆    
6 2000979004   2000979004   第四书库/四35架A面2层3列/ [索取号:J7/12] 在馆    
山东省滨州职业学院图书馆 欢迎您!
大连网信软件有限公司© 版权所有